Animálium

Bibliographic Details
Main Author: Broom, Jenny (Author)
Other Authors: Scott, Katie (Illustrator), Rybárová, Silvia (prekladateľka) (Translator)
Format: Book
Language:Slovak
English
PhysicalDescription:95 strán farebné ilustrácie, ilustrované listy 38 cm
Published: Bratislava Eastone Books 2018
ISBN:9788081093531
Series:Vitajte v múzeu
Subjects:

MARC

LEADER 00000cam a2200000 4500
001 vtls011788848
003 SK-MaSNL
005 20260301050030.0
008 200612s2018 xo af cr 011 0 slo
015 |a SNBA2019/10 
020 |a 9788081093531  |q (viazané) 
035 |a urn:nbn:sk:snk-am00dlt0 
035 |a urn:nbn:sk:snk-am3i6hy 
035 |a F14C4D78-FE3E-4F97-B4E1-974F6DD44123 
040 |a SNK  |b slo  |c SNK  |e rda 
041 1 |a slo  |h eng 
044 |a xo  |c SK 
072 7 |a 59  |x Zoológia  |2 konspekt 
080 |a 592/599  |2 2011 
080 |a 574.2  |2 2011 
080 |a 575.858  |2 2011 
080 |a (084.4)  |2 2011 
080 |a (084.11)  |2 2011 
080 |a (0.05)  |2 2011 
100 1 |a Broom, Jenny  |4 aut  |9 192930 
240 1 0 |a Animalium  |l Slovensky 
245 1 0 |a Animálium  |c ilustrovala Katie Scott ; napísala Jenny Broom ; z anglického originálu Animalium ... preložila do slovenčiny Silvia Rybárová 
264 1 |a Bratislava  |b Eastone Books  |c 2018 
300 |a 95 strán  |b farebné ilustrácie, ilustrované listy  |c 38 cm 
336 |a text  |b txt  |2 rdacontent 
336 |a statický obraz  |b sti  |2 rdacontent 
337 |a bez média  |b n  |2 rdamedia 
338 |a zväzok  |b nc  |2 rdacarrier 
490 1 |a Vitajte v múzeu 
500 |a Údaje o edícií prevzaté z externého zdroja 
500 |a Obsahuje biografické údaje 
504 |a Obsahuje register na stranách 94-95 
650 0 7 |a živočíchy  |2 SNKPH  |9 1094 
650 0 7 |a biotopy  |2 SNKPH  |9 3901 
650 0 7 |a darwinizmus  |2 SNKPH  |9 28532 
650 0 7 |a Animals  |2 SNKPHeng  |9 267568 
650 0 7 |a Biotopes  |2 SNKPHeng  |9 324531 
650 0 7 |a Darwinism  |2 SNKPHeng  |9 287230 
655 7 |a atlasy  |2 SNKPH  |9 70424 
655 7 |a obrazové publikácie  |2 SNKPH  |9 70343 
655 7 |a publikácie pre deti  |2 SNKPH  |9 70148 
655 7 |a Atlases  |2 SNKPHeng  |9 280087 
655 7 |a Pictorial works  |2 SNKPHeng  |9 284468 
655 7 |a Publications for children  |2 SNKPHeng  |9 276792 
700 1 |a Scott, Katie  |4 ill  |9 355012 
700 1 |a Rybárová, Silvia  |c (prekladateľka)  |4 trl  |9 192941 
830 0 |a Vitajte v múzeu  |9 355013 
919 |a 978-80-8109-353-1 
958 |a NB 
958 |a OP 
968 |b ENG 
999 |c 599990  |d 601920 
952 |a SNK  |b SNK  |y PREZ  |7 0  |p 17A1390542  |o snkSA 1458  |i snk2019/26047  |8 0  |0 0  |1 0  |4 0  |d 2019-10-14  |f 1  |l 0  |r 2025-01-23 00:00:00  |w 2026-02-23 
952 |a SNK  |b SNK  |y VYP  |7 0  |p 17A1390543  |o snkSA 1458 D1  |i snk2019/26048  |8 0  |0 0  |1 0  |4 0  |d 2019-10-14  |l 0  |r 2026-02-23 15:51:30  |w 2026-02-23